000 01483cam a2200349 i 4500
001 18426148
003 EG-ScBUE
005 20230328091534.0
008 150105t2015 cauo f 001 0 eng d
020 _a9780321988232
020 _a032198823X
040 _aBTCTA
_beng
_erda
_cBTCTA
_dBDX
_dUKMGB
_dNZROP
_dOCLCO
_dYDXCP
_dNOG
_dZQP
_dDLC
_dEG-ScBUE
_dEG-ScBUE
082 0 4 _a778.94
_bBAT
_222
100 1 _aBatdorff, John,
_eauthor.
_938932
245 1 0 _aTravel and street photography :
_bfrom snapshots to great shots /
_cJohn Batdorff.
246 3 0 _aFrom snapshots to great shots
246 3 0 _aSnapshots to great shots
264 1 _a[San Francisco] :
_bPeachpit Press / Pearson Education,
_c[2015]
264 4 _cc2015
300 _axi, 251 pages :
_bphotographs (color) ;
_c23 cm
336 _2rdacontent
_atext
_btxt
337 _2rdamedia
_aunmediated
_bn
338 _2rdacarrier
_avolume
_bnc
500 _aIncludes index.
520 _aWhether you're heading to Paris or San Francisco, Patagonia or Yosemite, you need a book that goes beyond the camera manual to teach you how to take great shots. This guide by pro photographer John Batdorff will help you conquer the fundamentals of travel and street photography and capture stunning pictures.
650 7 _aTravel photography.
_2BUEsh
650 7 _aStreet photography.
_2BUEsh
651 _2BUEsh
653 _bCOMAME
_cAugust2015
_cDecember2015
_cNovember2016
655 _vReading book
942 _2ddc
_k778.94 BAT
_cBB
999 _c20412
_d20384